00801nam a22001937a 450000500170000000800410001702000180005804100080007608200180008410000290010224500920013126001110022330000310033450400530036565000480041865000560046665000340052265000510055620140826143524.0110127s2010 ck ab gr 000 0 spa d a9789586954877 aspa04a628.161bR69c1 aRodríguez Susa, Manuel10aCalidad del recurso hídrico de Bogotá (2008-2009)cManuel Salvador Rodríguez Susa aBogotábUniversidad de Los AndesbAlcaldía Mayor de Bogotá, Secretaría Distrital de Ambientec2010 a264 p.bil., mapasc28 cm. aIncluye referencias bibliográficas (pag - 249)17aCalidad del aguaxInvestigacioneszBogotá17aContaminación del aguaxInvestigacioneszBogotá17aAnálisis del aguazBogotá17aRecursos hídricosxInvestigacioneszBogotá